An African night's entertainment a tale. (Record no. 42735)
[ view plain ]
| 000 -LEADER | |
|---|---|
| fixed length control field | 01099nam a22003371a 4500 |
| 001 - CONTROL NUMBER | |
| control field | 1451730 |
| 005 - DATE AND TIME OF LATEST TRANSACTION | |
| control field | 20140128020003.0 |
| 008 - FIXED-LENGTH DATA ELEMENTS--GENERAL INFORMATION | |
| fixed length control field | 881011s1962 nr a 000 1 eng |
| 010 ## - LIBRARY OF CONGRESS CONTROL NUMBER | |
| LC control number | 77260624 |
| 035 ## - SYSTEM CONTROL NUMBER | |
| System control number | (CStRLIN)NYCX88B21958 |
| 035 ## - SYSTEM CONTROL NUMBER | |
| System control number | (NIC)notisAGR6928 |
| 035 ## - SYSTEM CONTROL NUMBER | |
| System control number | 1451730 |
| 040 ## - CATALOGING SOURCE | |
| Modifying agency | NIC |
| 050 04 - LIBRARY OF CONGRESS CALL NUMBER | |
| Classification number | PR 9387.9.E34A66 1962 |
| Item number | PR 9387.9.E34A66 1962 |
| Classification number | PR 9387.9.E34A66 1962 |
| 100 1# - MAIN ENTRY--PERSONAL NAME | |
| Personal name | Ekwensi, Cyprian. |
| 245 13 - TITLE STATEMENT | |
| Title | An African night's entertainment a tale. |
| 260 ## - PUBLICATION, DISTRIBUTION, ETC. (IMPRINT) | |
| Place of publication, distribution, etc | Lagos : |
| Name of publisher, distributor, etc | African Universities Pre, |
| Date of publication, distribution, etc | [1962] |
| 300 ## - PHYSICAL DESCRIPTION | |
| Extent | 96 p. illus. 22. |
| 490 1# - SERIES STATEMENT | |
| Series statement | African Reader's Library ; |
| Volume number/sequential designation | no. 1 |
| 600 10 - SUBJECT ADDED ENTRY--PERSONAL NAME | |
| Personal name | Father and child - Africa - Fiction. |
| 600 10 - SUBJECT ADDED ENTRY--PERSONAL NAME | |
| Personal name | Young adult fiction. |
| 830 #0 - SERIES ADDED ENTRY--UNIFORM TITLE | |
| Uniform title | African reader's library. |
| Volume number/sequential designation | no. 1. |
| 948 ## - LOCAL PROCESSING INFORMATION (OCLC); SERIES PART DESIGNATOR (RLIN) | |
| Series part designator, SPT (RLIN) | c:RET |
| 948 2# - LOCAL PROCESSING INFORMATION (OCLC); SERIES PART DESIGNATOR (RLIN) | |
| Series part designator, SPT (RLIN) | 20070815 |
| b (OCLC) | m |
| d (OCLC) | batch |
| e (OCLC) | lts |
| x (OCLC) | 005DatesFix |
| 998 ## - LOCAL CONTROL INFORMATION (RLIN) | |
| -- | 12/15/88 |
| First Date, FD (RLIN) | 10/11/88 |
| Cataloger's initials, CIN (RLIN) | RET |
| Operator's initials, OID (RLIN) | RET |
| 942 00 - ADDED ENTRY ELEMENTS (KOHA) | |
| Koha issues (borrowed), all copies | 1 |
| Withdrawn status | Lost status | Source of classification or shelving scheme | Damaged status | Not for loan | Collection code | Home library | Current library | Shelving location | Date acquired | Cost, normal purchase price | Total Checkouts | Full call number | Barcode | Date last seen | Date checked out | Copy number | Price effective from | Koha item type |
|---|---|---|---|---|---|---|---|---|---|---|---|---|---|---|---|---|---|---|
| Library of Congress Classification | Fiction | AIU/NEGST - Tony Wilmot Memorial Library | AIU/NEGST - Tony Wilmot Memorial Library | Fiction | 01/20/2010 | 12.00 | 1 | FIC PR 9387.9.E34A66 1962 | R24038F3232 | 09/29/2019 | 01/27/2014 | 1 | 01/20/2010 | Africana collection (General) |
